Piłkarze Reprezentacji Konga - nagła śmierć - Statystyki

Ogólne statystyki
  • Ten quiz został rozwiązany 4 razy
  • Średni wynik to 2 z 8
Answers on the Grid
Answers color-coded by a green-red scale on the quiz's grid according to % correct below.
Silas Katompa Mvumpa
Antoine Makoumbou
Augustus Kargbo
Férébory Doré
Casimir Ninga
Prince Oniangué
Delvin N’Dinga
Samuel Moutoussamy
Thievy Bifouma
Arnold Bouka Moutou
Eric Bailly
Silvere Ganvoula
Dakonam Djene
Merveille Ndockyt
 
Statystyki odpowiedzi
Odpowiedź % Poprawnych
Delvin N’Dinga
50%
Thievy Bifouma
50%
Antoine Makoumbou
25%
Merveille Ndockyt
25%
Silvere Ganvoula
25%
Arnold Bouka Moutou
0%
Férébory Doré
0%
Prince Oniangué
0%
Nie znaleziono quizów pasujących do podanych kryteriów
Rozkład punktacji
Procent ludzi z każdym wynikiem
Percentyl według liczby udzielonych odpowiedzi
Twoja historia wyników
Nie rozwiązałeś tego quizu